000
00214 a2200097 4500
001
23844
100
_a
Knopp, K
245
_a
Elements of the Theory of Functions
260
_a
_b
Dover
_c
1952
090
_c
16155
_d
16155
942
_a
NUST-CAE
_c
M
_c
6842
999
_c
258917
_d
258917